000 00674nam a2200265Ia 4500
008 181129s9999 xx 000 0 und d
020 _a9780531207383
050 _bV775 2009
100 _aVincent, Zu
245 0 _aCatherine the great :
245 0 _bempress oof Russia /
245 0 _cby Zu Vincent.
260 _aNew York, NY :
260 _bScholastic,
260 _c2009
300 _a128 pages :
300 _bcolor illustrations ;
300 _c17cm.
440 _aA wicked history.
500 _a890L
650 _aCatherine -- II, -- Empress of Russia.
650 _aEmpresses -- Rusia -- Biography.
700 _aSeries.
700 _aTitle.
999 _c360021
_d360021